UK Cities and Towns by Clue - Statistics

General Stats
  • This quiz has been taken 262 times
    250 since last reset
  • The average score is 12 of 30
Answer Stats
Clues Answer % Correct
White cliffs, castle, Blériot Memorial Dover
89%
Temple Meads, SS Great Britain, Clifton Suspension Bridge Bristol
86%
River Lagan, Titanic Quarter, Obel Tower Belfast
81%
Minster, Vikings, city wall York
81%
Southernmost city, West Country, Lemon Quay Truro
58%
River Orwell, Tractor Boys, Suffolk Ipswich
56%
Tallest Cathedral, Old Sarum, Poultry Cross Salisbury
55%
Glevum, River Severn, Three Choirs Festival Gloucester
52%
First motorway, North End, River Ribble Preston
48%
Mappa Mundi, River Wye, SAS Hereford
44%
Red rose, Williamson Park, Lune Aqueduct Lancaster
44%
Jam, Jute, Journalism Dundee
43%
Whalebone arch, Dracula, Abbey Whitby
43%
M5 motorway, Met Office, 'Chiefs' Exeter
42%
River Nene, 'The Posh', Fens Peterborough
40%
Roman, Racecourse, Galleries Chester
39%
Bannockburn, castle, National Wallace Monument Stirling
37%
Book shops, Literary Festival, Wales Hay-on-Wye
35%
Brayford Pool, Magna Carta, castle Lincoln
30%
Butlins, steam railway, seaside Minehead
29%
'The Fair City', River Tay, Balhousie Castle Perth
29%
Medieval buildings, Charles Darwin, River Severn Shrewsbury
27%
Duke of Norfolk, South Downs, castle Arundel
24%
Royal Birkdale, pier, Red Rum Southport
24%
Rutland Water, horseshoes, public school Oakham
22%
Gwynedd, Menai Strait, castle Caernarfon
21%
Three spires, Samuel Johnson, Georgian architecture Lichfield
19%
First UK WW1 Zeppelin bombing target, East coast, herring Great Yarmouth
12%
Witton Country Park, cathedral, textile manufacturing Blackburn
11%
Caen Hill canal locks, Wiltshire, Vale of Pewsey Devizes
11%
No matching quizzes found
Score Distribution
Percent of People with Each Score
Percentile by Number Answered
Your Score History
You have not taken this quiz since the last reset